00480nam a2200181 a 450000100060000000300090000600800410001502000150005604000280007108200140009910000310011324500260014426000560017030000100022665000220023665000150025865000250027313215CO-ViMGA141112s2004 ck r 000 u spa d a9687277127 aCO-ViMGAbspacCO-ViMGA04a173 C818u1 aCuauhtemoc Sanchez, Carlos10aLa ultima oportunidad aMexico : bEdiciones Selectas Diamante S.A. de C.V. a189p.14aDESARROLLO HUMANO14aMATRIMONIO14aRELACIONES DE PAREJA